5HLuxD.jpg

KING HENRY VIII SENIOR AND PRIMARY SCHOOL LIBRARY OPAC

Pocket Chinese Dictionary : (Record no. 3987)

000 -LEADER
fixed length control field 00746nam a22002177a 4500
003 - CONTROL NUMBER IDENTIFIER
control field OSt
005 - DATE AND TIME OF LATEST TRANSACTION
control field 20241128085431.0
008 - FIXED-LENGTH DATA ELEMENTS--GENERAL INFORMATION
fixed length control field 241128b ||||| |||| 00| 0 eng d
020 ## - INTERNATIONAL STANDARD BOOK NUMBER
International Standard Book Number 9780804848459
040 ## - CATALOGING SOURCE
Transcribing agency KH8
082 ## - DEWEY DECIMAL CLASSIFICATION NUMBER
Classification number 495.132 DON
100 ## - MAIN ENTRY--PERSONAL NAME
Personal name Dong, Li,
Relator term author.
245 ## - TITLE STATEMENT
Title Pocket Chinese Dictionary :
Remainder of title Chinese - English, English- Chinese /
Statement of responsibility, etc. Li Dong.
260 ## - PUBLICATION, DISTRIBUTION, ETC.
Place of publication, distribution, etc. Hong Kong ;
Name of publisher, distributor, etc. Tuttle Publishing ,
Date of publication, distribution, etc. 2017.
300 ## - PHYSICAL DESCRIPTION
Extent 618 pages :
Dimensions 12 cm.
520 ## - SUMMARY, ETC.
Summary, etc. This handy Mandarin dictionary allows you to look up words quickly and easily, and be understood while speaking.
650 ## - SUBJECT ADDED ENTRY--TOPICAL TERM
Topical term or geographic name entry element Chinese language
650 ## - SUBJECT ADDED ENTRY--TOPICAL TERM
Topical term or geographic name entry element Chinese language Dictionaries English
650 ## - SUBJECT ADDED ENTRY--TOPICAL TERM
Topical term or geographic name entry element Mandarin dialects Dictionaries English
942 ## - ADDED ENTRY ELEMENTS (KOHA)
Source of classification or shelving scheme
Koha item type Teaching Resources
Holdings
Withdrawn status Lost status Source of classification or shelving scheme Damaged status Not for loan Collection code Permanent Location Current Location Shelving location Date acquired Total Checkouts Full call number Barcode Date due Date last seen Date last checked out Copy number Price effective from Koha item type
          Teaching Resources KH8 Senior School Library KH8 Senior School Library Staff Office 2024-11-28 1 495.132 DON TRKHSL006209 2025-07-04 2025-04-25 2025-04-25 1 2024-11-28 Teaching Resources
          Teaching Resources KH8 Senior School Library KH8 Senior School Library Staff Office 2024-11-28 1 495.132 DON TRKHSL006210 2025-07-04 2025-04-25 2025-04-25 2 2024-11-28 Teaching Resources
          Teaching Resources KH8 Senior School Library KH8 Senior School Library Staff Office 2024-11-28 1 495.132 DON TRKHSL006211 2025-07-04 2025-04-25 2025-04-25 3 2024-11-28 Teaching Resources
          Teaching Resources KH8 Senior School Library KH8 Senior School Library Staff Office 2024-11-28 1 495.132 DON TRKHSL006212 2025-07-04 2025-04-25 2025-04-25 4 2024-11-28 Teaching Resources

Powered By KH8 IT Dept